Obálka Náhled e-knihy:
PDF Epub
Pro půjčování e-knih musíte být přihlášeni.
Jak si půjčit online?

Saturnin při chuti : oficiální pokračování /

Další román inspirovaný už klasickým dílem Zdeňka Jirotky o Saturninovi, který, aby se nenudil, se stane sluhou u nesmělého mladého muže.

Uloženo v:
Série:Saturnin, část 4
Hlavní autor: Macek, Miroslav, 1944-2024 (Autor)
Další autoři: Krejčová, Zdeňka, 1944- (Autor)
Médium: E-kniha
Jazyk:Czech
Vydáno: Praha : XYZ, 2023
Vydání:I. vydání
Témata:
Příbuzné jednotky:Z cyklu:: Saturnin
Tagy:
Žádné tagy
LEADER 02652nam a2200445 i 4500
001 312110
003 CZ PrSKC
005 20260601215717.0
007 ta
008 231009s2023 xr a g 000 f cze
015 |a cnb003551483 
020 |a 9788076834064  |q (vázáno) :  |c Kč 399,00 
035 |a (OCoLC)1408816067 
040 |a ABG001  |b cze  |d ABA001  |e rda 
072 7 |a 821.162.3-3  |x Česká próza  |2 Konspekt 
080 |a 821.162.3-31  |2 MRF 
080 |a (0:82-311.5)  |2 MRF 
100 1 |a Macek, Miroslav,  |d 1944-2024  |7 jn20000401683  |4 aut 
245 1 0 |a Saturnin při chuti :  |b oficiální pokračování /  |c napsal Miroslav Macek ; ilustrace Zdeňka Krejčová 
250 |a I. vydání 
264 1 |a Praha :  |b XYZ,  |c 2023 
300 |a 215 stran :  |b ilustrace (převážně barevné) ;  |c 22 cm 
336 |a text  |b txt  |2 rdacontent 
337 |a bez média  |b n  |2 rdamedia 
338 |a svazek  |b nc  |2 rdacarrier 
500 |a Nad názvem: ©Zdeněk Jirotka 
520 2 |a Další román inspirovaný už klasickým dílem Zdeňka Jirotky o Saturninovi, který, aby se nenudil, se stane sluhou u nesmělého mladého muže.  |b Sluha zámeckým pánem? Se Saturninem je možné všechno! Saturnin se stěhuje z Luhačovic do Prahy, aby mohl být nablízku své dívce Amelii. Záhy zakoupí starý zámeček v Libni a Amelia zase dva psy s vytříbeným vkusem pro výtvarné umění. Poté, co si teta Kateřina vyžádá Saturninových služeb, odjíždějí s ostatními do Karlových Varů. Saturnin se tam bude věnovat vodnímu sommelierství, poradí režiséru Machatému s novým filmem a seznámí Milouše s vhodnými postupy pro zvýšení zájmu slečny Malvíny. A již tradičně si se vším poradí svým navýsost netradičním způsobem. Nakladatelská anotace. 
655 7 |a české romány  |7 fd133974  |2 czenas 
655 7 |a humoristické romány  |7 fd132431  |2 czenas 
655 9 |a Czech fiction  |2 eczenas 
655 9 |a humorous novels  |2 eczenas 
700 1 |a Krejčová, Zdeňka,  |d 1944-  |7 jk01063265  |4 ill 
700 1 |a Jirotka, Zdeněk,  |d 1911-2003  |7 jk01051900  |4 ant 
787 0 8 |i Z cyklu:  |t Saturnin  |g 4 
900 |a ABA001  |b 20 
928 9 |a Albatros Media - XYZ 
044 |a xr 
910 |a RBIT002 
998 |d 387673  |a https://core.palmknihy.cz/api/books/387673/cover?se2jm9  |b https://core.palmknihy.cz/api/books/387673/cover/400?se2jm9  |c https://core.palmknihy.cz/api/books/387673/cover/50?se2jm9  |e 2033-12-31  |g 224  |i 9788076834064  |j https://core.palmknihy.cz/api/books/387673/preview.epub  |k https://core.palmknihy.cz/api/books/387673/preview.pdf  |l   |q 49  |r 1  |s https://www.palmknihy.cz/kniha/387673  |t ebook  |y 2023  |z 0  |v Saturnin  |w 4 
999 |d 312108